| 000 | 00394nam a2200181Ia 4500 | ||
|---|---|---|---|
| 005 | 20250603144848.0 | ||
| 008 | 250603s9999 xx 000 0 und d | ||
| 020 | _a978-1-85326-028-5 | ||
| 050 | _aPR 4034 .E5/ | ||
| 100 | _aAusten, Jane | ||
| 245 | 0 | _aEmma | |
| 260 | _aLondon | ||
| 260 | _bWordsworth Classics | ||
| 260 | _c1994 | ||
| 300 | _a393 p | ||
| 650 | _aLondon | ||
| 942 | _cBK | ||
| 999 |
_c40170 _d40170 |
||